000 00473nam a2200205Ia 4500
008 210210b2011 xxu||||| |||| 00| 0 eng d
020 _a9788183763349
041 _aeng
082 _a323.4 SINS
100 _aSINGH (Upendra kumar)
245 _aSocial justice in India
260 _aJaipur
_bABD Publishers
_c2011
300 _avi,288
650 _aSocial
650 _ajustice
650 _aIndia
650 _ain
690 _aSocial Action
906 _a066546
999 _c147905
_d147905